Un puñado de magia /

Guardado en:
Autor Principal: Elboz, Stephen
Formato: Libro
Publicado: Buenos Aires : Ediciones B, 2007
Materias:
Etiquetas: Agregar Etiqueta
Sin Etiquetas, Sea el primero en etiquetar este registro!
LEADER 00681nam a22002535a 4500
001 CEM.cems018497
005 20151027103904.0
008 130507s2007##################000#0#####d
003 CEMS
020 |a 9789871222193 
082 0 4 |a 823.9 
100 1 |a Elboz, Stephen 
245 1 0 |a Un puñado de magia /  |c Stephen Elboz 
260 |a Buenos Aires :  |b  Ediciones B,  |c 2007 
300 |a 240 p. 
653 |a Literatura 
653 |a Literatura inglesa 
653 |a Narrativa 
653 |a Narrativa inglesa 
653 |a Literatura juvenil 
653 |a Novelas 
653 |a Novela juvenil 
653 |a Novela inglesa 
859 |a CEMS  |b BIB. CEMS - Agricultura  |h 823.9  |i El16  |p A2221.15  |t Ej.1